|
|
|
|
| LEADER |
00000nam a2200000 a 4500 |
| 001 |
vtls010509900 |
| 003 |
SK-MaSNL |
| 005 |
20260426012426.0 |
| 008 |
240313s2013 xo e 000 0 slo |
| 015 |
|
|
|a SNBA2013/05
|
| 020 |
|
|
|a 9788097104993
|q (brož.)
|
| 035 |
|
|
|a A509D8E0-A213-484D-AC60-EEA20437FA48
|
| 035 |
|
|
|a urn:nbn:sk:snk-amjncr
|
| 035 |
|
|
|a urn:nbn:sk:snk-am001t9x
|
| 040 |
|
|
|a SNK
|b slo
|c SNK
|e AACR2
|
| 041 |
0 |
|
|a slo
|
| 043 |
|
|
|a e-xo---
|
| 044 |
|
|
|a xo
|c SK
|
| 072 |
|
7 |
|a 929
|x Biografie
|2 konspekt
|
| 072 |
|
7 |
|a 73
|x Sochárstvo, keramika, porcelán, umelecké spracovanie kovov
|2 konspekt
|
| 080 |
|
|
|a 929
|2 2001
|
| 080 |
|
|
|a 725.945
|2 2001
|
| 080 |
|
|
|a 730.027.1
|2 2001
|
| 080 |
|
|
|a 7.04
|2 2001
|
| 080 |
|
|
|a (437.6)
|2 2001
|
| 080 |
|
|
|a (048.8)
|2 2001
|
| 080 |
|
|
|a 730.027
|2 2001
|
| 100 |
1 |
|
|a Fábry, Pavel,
|d 1940-
|4 aut
|9 38233
|
| 245 |
1 |
0 |
|a Slovutní Slováci v bronze
|c Pavel Fábry
|
| 250 |
|
|
|a 1. vyd.
|
| 260 |
|
|
|a [Košice]
|b Pavel Fábry
|c c2013
|
| 300 |
|
|
|a 70 s.
|c 21 cm
|
| 500 |
|
|
|a Miesto vyd. podľa ISBN
|
| 500 |
|
|
|a Názov z obalu
|
| 650 |
0 |
7 |
|a osobnosti
|2 SNKPH
|9 29820
|
| 650 |
0 |
7 |
|a pamätníky
|2 SNKPH
|9 25601
|
| 650 |
0 |
7 |
|a Memorials
|2 SNKPHeng
|9 335911
|
| 650 |
0 |
7 |
|a Statues
|2 SNKPHeng
|9 344311
|
| 650 |
0 |
7 |
|a sochy
|2 SNKPH
|9 29846
|
| 650 |
0 |
7 |
|a Themes and motives
|2 SNKPHeng
|9 284413
|
| 650 |
0 |
7 |
|a námety, témy a motívy
|2 SNKPH
|9 2883
|
| 650 |
0 |
7 |
|a reliéfy
|2 SNKPH
|9 2736
|
| 650 |
0 |
7 |
|a Reliefs (sculpture)
|2 SNKPHeng
|9 323542
|
| 650 |
0 |
7 |
|a Celebrities
|2 SNKPHeng
|9 265203
|
| 651 |
|
7 |
|a Slovensko
|2 SNKPH
|9 14231
|
| 651 |
|
7 |
|a Slovakia
|2 SNKPHeng
|9 92630
|
| 655 |
|
7 |
|a monografie
|2 SNKPH
|9 70139
|
| 655 |
|
7 |
|a Monographs
|2 SNKPHeng
|9 120675
|
| 919 |
|
|
|a 978-80-971049-9-3
|
| 999 |
|
|
|c 1096513
|d 1098443
|
| 952 |
|
|
|a SNK
|b SNK
|y PREZ
|7 0
|p 17A1070831
|o snkSC 154419
|i snk2013/10779
|8 0
|0 0
|1 0
|4 0
|d 2013-05-13
|l 0
|r 2025-07-24 00:00:00
|w 2026-02-24
|
| 952 |
|
|
|a SNK
|b SNK
|y VYP
|7 0
|p 17A1070850
|o snkSC 154419 D1
|i snk2013/10780
|8 0
|0 0
|1 0
|4 0
|d 2013-05-13
|f 1
|l 0
|r 2026-02-24 17:17:02
|w 2026-02-24
|